|
|
|
|
| LEADER |
00000naa2a2200000 4500 |
| 001 |
612309 |
| 005 |
20260422105730.0 |
| 035 |
|
|
|a (RuTPU)RU\TPU\conf\10430
|
| 035 |
|
|
|a RU\TPU\conf\10429
|
| 090 |
|
|
|a 612309
|
| 100 |
|
|
|a 20150609d2015 k y0rusy50 ca
|
| 101 |
0 |
|
|a rus
|
| 102 |
|
|
|a RU
|
| 135 |
|
|
|a drgn ---uucaa
|
| 181 |
|
0 |
|a i
|
| 182 |
|
0 |
|a b
|
| 200 |
1 |
|
|a Анализ моделей каскадной функции для оценки скорости накопления точечных дефектов в реакторном графите топливных блоков реактора ГТ-МГР
|f П. А. Комаров, Д. К. Пугачев, А. М. Мочалов
|g науч. рук. В. Н. Нестеров
|
| 203 |
|
|
|a Текст
|c электронный
|
| 225 |
1 |
|
|a Традиционная и атомная энергетика, альтернативные технологии производства энергии
|
| 300 |
|
|
|a Заглавие с титульного экрана
|
| 320 |
|
|
|a [Библиогр.: с. 156 (1 назв.)]
|
| 337 |
|
|
|a Adobe Reader
|
| 463 |
|
1 |
|0 (RuTPU)RU\TPU\conf\10353
|t Ресурсоэффективным технологиям - энергию и энтузиазм молодых
|o сборник научных трудов VI Всероссийской конференции, г. Томск, 22-24 апреля 2015 г.
|f Национальный исследовательский Томский политехнический университет (ТПУ)
|v [С. 154-156]
|d 2015
|
| 610 |
1 |
|
|a труды учёных ТПУ
|
| 610 |
1 |
|
|a электронный ресурс
|
| 610 |
1 |
|
|a каскадные функции
|
| 610 |
1 |
|
|a точечные дефекты
|
| 610 |
1 |
|
|a реакторные графиты
|
| 610 |
1 |
|
|a топливные блоки
|
| 610 |
1 |
|
|a реакторы
|
| 610 |
1 |
|
|a теплоносители
|
| 700 |
|
1 |
|a Комаров
|b П. А.
|
| 701 |
|
1 |
|a Пугачев
|b Д. К.
|
| 701 |
|
1 |
|a Мочалов
|b А. М.
|
| 702 |
|
1 |
|a Нестеров
|b В. Н.
|c специалист в области атомной энергетики
|c доцент Томского политехнического университета, кандидат технических наук
|f 1977-
|g Владимир Николаевич
|4 727
|
| 712 |
0 |
2 |
|a Национальный исследовательский Томский политехнический университет (ТПУ)
|b Физико-технический институт (ФТИ)
|b Кафедра физико-энергетических установок (№ 21) (ФЭУ)
|3 (RuTPU)RU\TPU\col\18730
|
| 801 |
|
2 |
|a RU
|b 63413507
|c 20210119
|g RCR
|
| 856 |
4 |
|
|u http://earchive.tpu.ru/handle/11683/19390
|
| 856 |
4 |
|
|u http://www.lib.tpu.ru/fulltext/c/2015/C08/045.pdf
|
| 942 |
|
|
|c BK
|